| 000 | 00869nam a2200265 i 4500 | ||
|---|---|---|---|
| 001 | bg | ||
| 100 | 1 | _aLEFÉVRE, Edwin | |
| 245 | 1 | 0 |
_aWspomnienia gracza giełdowego / _cEdwin Lefévre ; prze. [z ang.] Marcin Mrowiec. |
| 246 |
_iTyt. oryg.: _aReminiscences of a stock operator |
||
| 260 |
_aWarszawa : _b"ABC", _c2000. |
||
| 300 |
_a270 s. ; _c24 cm. |
||
| 490 | 1 | _aKlasyka Literatury Giełdowej | |
| 500 | _aTyt. oryg.: "Reminiscences of a stock operator". | ||
| 600 | 1 | 9 |
_aLivermore, Jesse _xbiografia |
| 650 | 9 |
_aGiełda papierów wartościowych _xhistoria _zStany Zjednoczone |
|
| 650 | 9 |
_aSpekulacja _xzagadnienia |
|
| 830 | _aKlasyka Literatury Giełdowej | ||
| 020 | _a838791651X | ||
| 040 | _cBPK | ||
| 041 | 1 |
_apl _hen |
|
| 080 | _a929-052:336.71(091)(73) | ||
| 920 | _a83-87916-51-X | ||
| 942 | _cKS | ||
| 008 | s pl f |000 0 pol | ||
| 999 |
_c36428 _d36428 |
||
| 856 |
_uhttp://koha.tu.koszalin.pl/cgi-bin/koha/opac-detail.pl?biblionumber=36428 _yKatalog online BPK |
||